000 01571nam a2200337 c 4500
003 BLK
005 20180422113426.0
008 180410b bul|||||r ||||||| ||bul||
010 _aKNG00162871000
040 _aBLK
041 _aBUL
_cBUL
080 _aВътрешна политика. Вж и 329
_b323
_x(73)
_z323(73)
080 _aМеждународни политически отношения. Световна политика. Международна политика. Дипломация
_b327
_x(73)
_z327(73)
100 1 _aЕйджи, Филип
_eпърви автор
_9381198
700 1 _aКольовски, Тодор
_eпрев. от англ.
_9333215
700 1 _aБорисов, Емил
_eпрев. от англ.
_9333216
139 _aЕйджи, Филип
_bЕ 39
245 1 0 _aВътре в компанията
_bДневник на оперативен сътрудник на ЦРУ
_cФилип Ейджи; прев. от англ. Тодор Кольовски; прев. от англ. Емил Борисов.
257 _aUSA
260 София
_bПартиздат
_c1982
_fВ. Търново : Д. Найденов
300 _a436 с.
_c20 см
380 _a3
500 _aОриг. загл. Inside the company CIA diary. - 26 115 тир.
653 _aЦРУ
653 _aразузнаване
852 _aЦб 112531
856 4 _qpdf
_u
856 4 _qpdf
_u
942 _cKNG
_n0
944 _aCR
_c10.07.2014
_l10.07.2014 - от С1,Р / 10.07.2014
_kГрета_Цуфелде
944 _aED
_c10.07.2014
_l10.07.2014 - от С1,Р / 10.07.2014
_k
999 _c156102
_d156102